书目信息 |
| 题名: |
曾国藩成大事的八字箴言
|
|
| 作者: | 王峰 编著 | |
| 分册: | ||
| 出版信息: | 北京 中国华侨出版社 2004.08 |
|
| 页数: | 312页 | |
| 开本: | 23cm | |
| 丛书名: | ||
| 单 册: | ||
| 中图分类: | K827=52 | |
| 科图分类: | ||
| 主题词: | 政治人物--生平事迹--中国--清代 | |
| 电子资源: | ||
| ISBN: | 7-80120-813-7 | |
| 000 | 00665nam0 2200217 450 | |
| 001 | 0166363218 | |
| 005 | 20050520100642.18 | |
| 010 | @a7-80120-813-7@dCNY30.00 | |
| 100 | @a20041229d2004 km y0chiy0120 ea | |
| 101 | 0 | @achi |
| 102 | @aCN@b110000 | |
| 105 | @ac z 000yy | |
| 200 | 1 | @a曾国藩成大事的八字箴言@Aceng guo fan cheng da shi de ba zi zhen yan@f王峰编著@Fwang feng bian zhu |
| 210 | @a北京@c中国华侨出版社@d2004.08 | |
| 215 | @a312页@c肖像@d23cm | |
| 600 | 0 | @a曾国藩,@f1811-1872@x人生哲学 |
| 606 | 0 | @a政治人物@x生平事迹@y中国@z清代 |
| 690 | @aK827=52@v4 | |
| 701 | 0 | @a王峰@Awang feng@4编著 |
| 801 | 0 | @aCN@bQSSK@c20050520 |
| 905 | @dK827=52@eW172 | |
| 曾国藩成大事的八字箴言/王峰编著.-北京:中国华侨出版社,2004.08 |
| 312页:肖像;23cm |
| ISBN 7-80120-813-7:CNY30.00 |
| ● |
| 相关链接 |
|
|
|
正题名:曾国藩成大事的八字箴言
索取号:K827=52/W172
 
预约/预借
| 序号 | 登录号 | 条形码 | 馆藏地/架位号 | 状态 | 备注 |
| 1 | 498166 | 204981662 | 社科库309/309社科库 58排4列4层/ [索取号:K827=52/W172] | 在馆 | |
| 2 | 498167 | 204981671 | 社科库309/309社科库 58排4列4层/ [索取号:K827=52/W172] | 在馆 | |
| 3 | 498168 | 204981680 | 社科库309/309社科库 58排4列4层/ [索取号:K827=52/W172] | 在馆 |